00000000cam 2200000zi 4500
0019.963092
003CaOODSP
00520260526150459
006m     o  d f      
007cr bn|||||||||
008260526e200011##onc     obf  f000 0 fre d
040 |aCaOODSP|bfre|erda|cCaOODSP
043 |an-cn---
0861 |aT52-4/291-2000F-PDF
24500|aAviation commerciale et d'affaires : |bmanuel d'inspection et de vérification (listes de vérification).
250 |a1re édition.
264 1|a[Ottawa] : |bTransports Canada = Transport Canada, |cnovembre 2000.
300 |a1 ressource en ligne (171 pages)
336 |atexte|btxt|2rdacontent/fre
337 |ainformatique|bc|2rdamedia/fre
338 |aressource en ligne|bcr|2rdacarrier/fre
500 |aPublié aussi en anglais sous le titre : Commercial and Business Aviation inspection and audit (checklists) manual.
500 |a« TP 13750F (10/2000). »
500 |a« 1re Édition - novembre 2000 » -- Page 5.
504 |aComprend des références bibliographiques.
520 |a« Le présent manuel renferme la politique et les procédures qui s'appliquent spécifiquement à l'exécution des inspections et vérifications au sein de la direction de l'aviation commerciale et d'affaires. Le contenu du présent manuel complète la politique et les procédures fournies dans le manuel des vérifications réglementaires (TP 8606F). Les inspections et les vérifications sont des éléments clés du programme de surveillance réglementaire de l'aviation commerciale et d'affaires. Afin d'exécuter leurs tâches de façon uniforme et juste, il est essentiel que les inspecteurs ACA respectent la politique et les procédures décrites dans le présent manuel » -- Avant-propos.
61016|aCanada. |bAviation commerciale et d'affaires|xFonctionnaires|vGuides, manuels, etc.
650 6|aTransports aériens|zCanada|xÉvaluation|vGuides, manuels, etc.
650 6|aTransports aériens|zCanada|xAudit|vGuides, manuels, etc.
655 7|aGuides et manuels|2rvmgf
7101 |aCanada. |bTransports Canada, |eorganisme de publication.
77508|tCommercial and Business Aviation inspection and audit (checklists) manual.|w(CaOODSP)9.961582
85640|qPDF|s504 Ko|uhttps://publications.gc.ca/collections/collection_2026/tc/T52-4-291-2000-fra.pdf
8564 |qHTML|sS.O.|uhttps://tc.canada.ca/fr/aviation/publications/aviation-commerciale-affaires-manuel-inspection-verification-listes-verification-tp-13750
986 |aTP 13750F